00806 a2200205 4500020002400000040001300024082001500037100002200052245012300074250001000197260007900207300001100286500002300297650003800320650003400358650001100392942002800403999001500431952015400446 a978-0-8493-7425-8 : aDLCbDLC04a510.2462131 aManassah, Jamal T10aElementary mathematical and computational tools for electrical and computer engineers using MATLAB cJamal T. Manassah a2 ed. aBoca Raton, Fla. :bCRC ;aLondon :bTaylor & Francis [distributor],c2006 a457 s. aPrevious ed.: 2001 0aElectric engineeringxMathematics 0aComputer sciencexMathematics 0aMATLAB cBKk510.246213 MAN2ddc c7389d7389 001040708NFICaCLbCLcGENd2007-02-26eA & J Def Tek Concultantsg3818.69l1o510.246213 MANpSEECS008178r2016-04-26s2016-02-02w2017-01-05yBK